000 00342 a2200121 4500
000 nam a22 7a 4500
005 20251007170657.0
020 _a978-3-031-34428-2 (hbk)
100 _aStepanov, Tsvetelin Ed.
_9847674
245 _aMass conversions to christianity and islam, 800-1100
260 _bPalgrave Macmillan
_c2023
942 _cTB
999 _c1464635
_d1464635